|
|
|
|
| LEADER |
00000cam a2200000 7i4500 |
| 001 |
0000007429 |
| 002 |
000007988 |
| 005 |
20000330.0 |
| 020 |
|
|
|a 9838932300
|
| 090 |
0 |
0 |
|a F
|b MAL
|
| 100 |
0 |
|
|a Malungun
|
| 245 |
1 |
0 |
|a Mat Gong
|c Malungun
|
| 260 |
|
|
|a Kuala Lumpur :
|b Creative Enterprisen Sdn.Bhd. ,
|c 1995
|
| 300 |
|
|
|a 337 p. ;
|c 18 cm.
|
| 650 |
0 |
0 |
|a Humourous fiction
|
| 999 |
|
|
|a 052072
|b BUKU
|c PINJAMAN
|e PERPUSTAKAAN KOMUNITI PETALING JAYA
|
| 999 |
|
|
|a 052073
|b BUKU
|c PINJAMAN
|e PERPUSTAKAAN KOMUNITI PETALING JAYA
|
| 999 |
|
|
|a 052074
|b BUKU
|c PINJAMAN
|e PERPUSTAKAAN KOMUNITI PETALING JAYA
|
| 999 |
|
|
|a 055407
|b BUKU
|c PINJAMAN
|e PERPUSTAKAAN KOMUNITI CAW KOTA DAMANSARA
|